000 01182nam a22002777a 4500
003 dpl
005 20180717151341.0
008 180717b xxu||||| |||| 00| 0 eng d
010 _aB-033967
020 _c500.00
_a8187368438
035 _aB-033967, B-033791
037 _bCen Lib/Ret
040 _aDPL
_bHN
_c0
082 _a
_bसेवती
100 _aसेवती, निरूपा
_956469
245 _aबाँटता हुआ आदमी और अन्य उपन्यास /
_cनिरूपा सेवती
246 _aBaantata hua aadmi aur anya upanyas /
_bby Nirupa Sewti
260 _aनई दिल्ली
_bनमन प्रकाशन
_c2000
270 _bनई दिल्ली
_a4378/4B अंसारी रोड, दरियागंज
_e110002
300 _aviii,419पृ.
_c20सेमी (सजिल्द)
650 _a हिन्दी साहित्य
_956470
650 _a हिन्दी साहित्य -- उपन्यास
_946379
650 _aHindi literature
_956471
650 _aHindi literature -- Fiction
_956472
942 _2ddc
_cHN
_h
_mसेवती
999 _c114351
_d114351